000 00725nam a2200253Ia 4500
003 OSt
005 20221005092933.0
006 a|||||r|||| 00| 0
007 ta
008 221004b |||||||| |||| 00| 0 eng d
024 _a94696
037 _cTextual
040 _aCRL
_cCRL
_beng
041 _2eng
_aeng
082 _aS:40Y1:1, K6
100 _aSegall Marshall H.
_990704
245 0 _aInfluence of culture on visual perception
260 _aNew York
_bThe Bobbs- Merrill Company Inc .
_c1966
300 _axvii,257p
_ccm.
650 _aPSYCHOLOGY
700 _a T. Campbell Donald
_9617927
942 _hS:40Y1:1, K6
_cTEXL
_2cc
999 _c999578
_d999578